[Event "8th Sunway Sitges 2021"]
[Site "Sitges ESP"]
[Date "2021.12.14"]
[Round "2.14"]
[White "Safarli, Eltaj"]
[Black "Padmini, Rout"]
[Result "1-0"]
[WhiteTitle "GM"]
[BlackTitle "IM"]
[WhiteElo "2579"]
[BlackElo "2345"]
[WhiteFideId "13402129"]
[BlackFideId "5029295"]
[EventDate "2021.12.13"]

1. e4 e5 2. Nf3 Nc6 3. Bc4 Nf6 4. d3 Be7 5. O-O O-O 6. Re1 d6 7. a3 Be6 8. Nc3
Qd7 9. Nd5 Bd8 10. Bg5 Ne8 11. h3 Nd4 12. Nxd4 Bxg5 13. Nxe6 fxe6 14. Qg4 Qd8
15. Ne3 Kh8 16. Bxe6 c6 17. Bb3 Rf4 18. Qe2 Qd7 19. g3 Rf8 20. Qg4 Qxg4 21. Nxg4
g6 22. Rad1 h5 23. Nh2 h4 24. Kg2 Bd8 25. Nf3 hxg3 26. fxg3 a5 27. c3 a4 28. Bc2
Ra5 29. Re2 Nc7 30. d4 exd4 31. Rxd4 Be7 32. Rxa4 Rxa4 33. Bxa4 Ne6 34. Bc2 Kg7
35. h4 Bf6 36. e5 dxe5 37. Nxe5 Re8 38. Nxg6 1-0

[Event "8th Sunway Sitges 2021"]
[Site "Sitges ESP"]
[Date "2021.12.14"]
[Round "2.15"]
[White "Soumya, Swaminathan"]
[Black "Fier, Alexandr"]
[Result "1-0"]
[WhiteTitle "IM"]
[BlackTitle "GM"]
[WhiteElo "2351"]
[BlackElo "2572"]
[WhiteFideId "5016193"]
[BlackFideId "2107139"]
[EventDate "2021.12.13"]

1. e4 c5 2. Nf3 d6 3. g3 Nf6 4. d3 Nc6 5. Bg2 g6 6. O-O Bg7 7. Re1 O-O 8. c3 e5
9. a3 b5 10. Be3 a5 11. a4 b4 12. h3 Ba6 13. Bf1 Nd7 14. Nbd2 f5 15. Nc4 f4 16.
Bd2 Kh8 17. Bg2 Nf6 18. gxf4 Nd7 19. f5 gxf5 20. Ng5 f4 21. Ne6 Qe7 22. Nxf8
Rxf8 23. Qf3 Rf6 24. Kh2 Rh6 25. Rg1 Bc8 26. Rac1 Nd8 27. Nxa5 Ne6 28. Nc6 Qe8
29. Na7 Nf6 30. Bf1 Bd7 31. Nb5 Bf8 32. d4 cxd4 33. cxd4 Bxb5 34. Bxb5 Nxd4 35.
Qd3 Qe6 36. Bc4 d5 37. Bxd5 Nxd5 38. exd5 Qxd5 39. Rc8 Rf6 40. Bxb4 Nf3+ 41.
Qxf3 Qxf3 42. Bxf8 Qxf2+ 43. Rg2 1-0

[Event "8th Sunway Sitges 2021"]
[Site "Sitges ESP"]
[Date "2021.12.14"]
[Round "2.16"]
[White "Kadric, Denis"]
[Black "Srijit, Paul"]
[Result "1-0"]
[WhiteTitle "GM"]
[BlackTitle "IM"]
[WhiteElo "2572"]
[BlackElo "2340"]
[WhiteFideId "14403803"]
[BlackFideId "5094798"]
[EventDate "2021.12.13"]

1. e4 c5 2. Nc3 a6 3. g3 b5 4. Bg2 Bb7 5. Nge2 e6 6. d4 cxd4 7. Nxd4 Nf6 8. a3
Nc6 9. e5 Qc7 10. exf6 Nxd4 11. Qxd4 Bc5 12. Qxc5 Qxc5 13. Bxb7 Qe5+ 14. Be3 Rb8
15. fxg7 Qxg7 16. Bxa6 O-O 17. O-O d5 18. Rfd1 Rfd8 19. Bc5 h5 20. Rab1 d4 21.
Nxb5 e5 22. Na7 Qg6 23. Bd3 e4 24. Bf1 e3 25. fxe3 dxe3 26. Bd3 Qg5 27. b4 h4
28. Re1 Re8 29. Re2 Re6 30. Rbe1 Rbe8 31. Nb5 f5 32. Nd4 hxg3 33. Nxe6 gxh2+ 34.
Kh1 Qh5 35. Rg2+ 1-0

[Event "8th Sunway Sitges 2021"]
[Site "Sitges ESP"]
[Date "2021.12.14"]
[Round "2.17"]
[White "Zadruzny, Nicolaj"]
[Black "Livaic, Leon"]
[Result "0-1"]
[WhiteTitle "FM"]
[BlackTitle "IM"]
[WhiteElo "2348"]
[BlackElo "2547"]
[WhiteFideId "1709550"]
[BlackFideId "14531534"]
[EventDate "2021.12.13"]

1. d4 Nf6 2. c4 e6 3. Nf3 c5 4. d5 d6 5. Nc3 exd5 6. cxd5 g6 7. Nd2 Bg7 8. e4
O-O 9. Be2 Re8 10. O-O Na6 11. a4 Nb4 12. f3 Nh5 13. Nc4 Bd4+ 14. Be3 Nf4 15.
Kh1 Bxe3 16. Nxe3 Nxe2 17. Qxe2 b6 18. Qd2 f5 19. exf5 gxf5 20. g4 Qg5 21. f4
Qf6 22. Nxf5 Bxf5 23. gxf5 Qxf5 24. Rae1 Kh8 25. Qg2 Rxe1 26. Rxe1 Rg8 27. Qe4
Nd3 28. Nd1 Qg4 29. Qe2 Nxe1 0-1

[Event "8th Sunway Sitges 2021"]
[Site "Sitges ESP"]
[Date "2021.12.14"]
[Round "2.18"]
[White "Kelires, Andreas"]
[Black "Vitenberg, Noam Aviv"]
[Result "1/2-1/2"]
[WhiteTitle "GM"]
[BlackTitle "FM"]
[WhiteElo "2543"]
[BlackElo "2327"]
[WhiteFideId "5900727"]
[BlackFideId "1532138"]
[EventDate "2021.12.13"]

1. d4 d5 2. c4 e6 3. Nf3 Nf6 4. g3 dxc4 5. Bg2 a6 6. O-O Nc6 7. a4 Bb4 8. Na3 c3
9. Qb3 Bxa3 10. Qxa3 Nxd4 11. Nxd4 Qxd4 12. Be3 Qc4 13. bxc3 Nd5 14. Bd4 f6 15.
Rfd1 Bd7 16. Bf1 Ne7 17. e3 Qc6 18. c4 e5 19. Bc5 Qe6 20. Bg2 Bc6 21. Bxe7 Qxe7
22. Bxc6+ bxc6 23. c5 O-O 24. Qb3+ Kh8 25. Qc4 f5 26. Rd3 f4 27. Rad1 fxg3 28.
hxg3 Qf6 29. R1d2 Rab8 30. Rb3 a5 31. Rxb8 Rxb8 32. Qg4 h6 33. Kg2 Rf8 34. f3
Rd8 35. Rd7 Rxd7 36. Qxd7 Kh7 37. Qd2 e4 38. fxe4 Qe6 39. Qd4 Qa2+ 40. Kf3 Qf7+
41. Kg2 Qa2+ 42. Kh3 Qe6+ 43. Kg2 Qa2+ 44. Kf3 Qf7+ 45. Kg2 1/2-1/2

[Event "8th Sunway Sitges 2021"]
[Site "Sitges ESP"]
[Date "2021.12.14"]
[Round "2.19"]
[White "Pogorelov, Ruslan"]
[Black "Maze, Sebastien"]
[Result "0-1"]
[WhiteTitle "GM"]
[BlackTitle "GM"]
[WhiteElo "2345"]
[BlackElo "2541"]
[WhiteFideId "14100363"]
[BlackFideId "613762"]
[EventDate "2021.12.13"]

1. d4 Nf6 2. Nf3 e6 3. Bg5 c5 4. c3 cxd4 5. cxd4 Qb6 6. Qc2 Nc6 7. Bxf6 gxf6 8.
e3 d5 9. Be2 Bd7 10. O-O Rc8 11. Nc3 Na5 12. Rab1 f5 13. Ne5 Bd6 14. Nxd7 Kxd7
15. Bd3 Qd8 16. Bxf5 exf5 17. Qxf5+ Kc7 18. Nxd5+ Kb8 19. Rbc1 Nc6 20. Nf6 Rc7
21. Ne4 Qe7 22. Nxd6 Qxd6 23. Rc3 Rd7 24. Rfc1 Ne7 25. Qf3 Nd5 26. Rb3 Re8 27.
g3 Qe6 28. Rb5 f5 29. Rcc5 Red8 30. Kg2 b6 31. Rc1 Qe4 32. Rb3 Re8 33. a4 a6 34.
Rc6 Ka7 35. Ra3 Kb7 36. Rh6 Qc2 37. a5 b5 38. Rc3 Qe4 39. Rcc6 Rc8 40. Rxc8 Kxc8
41. Rxa6 Rc7 42. Qxe4 fxe4 43. Re6 Rc2 44. Rxe4 Rxb2 45. Re5 Nc7 46. Rc5 Kd7 47.
d5 Na6 48. Rc6 Nb4 49. Rh6 Nxd5 50. Kf3 b4 51. a6 Kc7 52. Ke4 Rd2 53. Rxh7+ Kb6
54. a7 Nc3+ 55. Ke5 Rd5+ 56. Ke6 Ra5 57. Rh4 Na2 58. Rd4 Rxa7 59. h4 Kc5 60. g4
b3 61. Rd2 Kc4 62. Rb2 Kc3 63. Rxb3+ Kxb3 64. g5 Nc3 65. g6 Ne4 66. h5 Ra6+ 67.
Kf5 Nf6 68. Kg5 0-1

[Event "8th Sunway Sitges 2021"]
[Site "Sitges ESP"]
[Date "2021.12.14"]
[Round "2.20"]
[White "Galiana Fernandez, Adrian"]
[Black "Suleymanli, Aydin"]
[Result "0-1"]
[WhiteTitle "FM"]
[BlackTitle "GM"]
[WhiteElo "2333"]
[BlackElo "2537"]
[WhiteFideId "32010150"]
[BlackFideId "13413937"]
[EventDate "2021.12.13"]

1. e4 c6 2. d4 d5 3. e5 Bf5 4. Nf3 e6 5. Be2 Nd7 6. O-O h6 7. a4 Ne7 8. c3 g5 9.
Na3 c5 10. c4 Bg7 11. cxd5 Nxd5 12. Nc4 O-O 13. dxc5 Nxc5 14. h4 gxh4 15. Nd4
Bg6 16. Ra3 Nb6 17. Bf4 Nxc4 18. Bxc4 Rc8 19. Ba2 Qd7 20. Nb5 Nd3 21. Bh2 Rfd8
22. Nd6 Nxe5 0-1

[Event "8th Sunway Sitges 2021"]
[Site "Sitges ESP"]
[Date "2021.12.14"]
[Round "2.21"]
[White "Dardha, Daniel"]
[Black "Fataliyeva, Ulviyya"]
[Result "1-0"]
[WhiteTitle "GM"]
[BlackTitle "WGM"]
[WhiteElo "2533"]
[BlackElo "2324"]
[WhiteFideId "240990"]
[BlackFideId "13403052"]
[EventDate "2021.12.13"]

1. d4 d5 2. c4 e6 3. Nc3 a6 4. cxd5 exd5 5. Nf3 h6 6. Bf4 Nf6 7. e3 Bd6 8. Be5
c6 9. Bd3 O-O 10. O-O Re8 11. h3 Bxe5 12. Nxe5 c5 13. Qf3 c4 14. Bc2 Nc6 15.
Nxc6 bxc6 16. b3 cxb3 17. axb3 a5 18. Rfc1 Rb8 19. Qd1 Ne4 20. Bxe4 dxe4 21. Qh5
Rxb3 22. Rxa5 Be6 23. Re5 Qa8 24. Nxe4 Qa3 25. Rd1 Rbb8 26. Nc5 Bd5 27. Rxe8+
Rxe8 28. Qe2 Rb8 29. e4 Ba2 30. Qa6 Qb2 31. Qa5 Bb3 32. Nxb3 Qxb3 33. Rc1 Qd3
34. Qe5 Rd8 35. Rxc6 Qxd4 36. Rc5 Qxe5 37. Rxe5 Rd1+ 38. Kh2 Rd2 39. Kg3 g6 40.
Rd5 Ra2 41. Rd3 h5 42. Kf3 Kf8 43. Rb3 Ke7 44. Ke3 Ke6 45. g3 Ke7 46. Rb7+ Ke6
47. h4 Rc2 48. f3 Rg2 49. Kf4 Rf2 50. Rb3 Rg2 51. e5 Re2 52. Rb7 Re1 53. Rb4 Re2
54. Re4 Rh2 55. Re3 Rh3 56. Ra3 Ke7 57. Ra7+ Ke6 58. Ra6+ Ke7 59. Rf6 Rh1 60.
Kg5 Re1 61. f4 Rg1 62. Kh6 Rxg3 63. Kg7 Rg4 64. Rxf7+ Ke8 65. e6 Rg1 66. Kf6 Rg4
67. f5 Rf4 68. Kxg6 Rxh4 69. Ra7 1-0

[Event "8th Sunway Sitges 2021"]
[Site "Sitges ESP"]
[Date "2021.12.14"]
[Round "2.22"]
[White "Macias Pino, Diego"]
[Black "Van Foreest, Lucas"]
[Result "0-1"]
[WhiteTitle "FM"]
[BlackTitle "GM"]
[WhiteElo "2324"]
[BlackElo "2530"]
[WhiteFideId "24529133"]
[BlackFideId "1039792"]
[EventDate "2021.12.13"]

1. e4 c5 2. Nf3 e6 3. d4 cxd4 4. Nxd4 Nf6 5. Nc3 g6 6. Be3 Bg7 7. f3 O-O 8. Qd2
Nc6 9. O-O-O d5 10. exd5 Nxd5 11. Nxc6 bxc6 12. Bd4 e5 13. Bc5 Re8 14. Ne4 Qc7
15. Nd6 Rd8 16. Nxc8 Raxc8 17. Bc4 e4 18. fxe4 Nc3 19. Qxd8+ Rxd8 20. bxc3 Bxc3
21. Bb3 Rxd1+ 22. Rxd1 Bf6 23. Bd6 Qa5 24. Rf1 Qc3 25. Rd1 c5 26. Bd5 Bd4 27.
Bf4 Qb4 28. Rd3 Qe1+ 29. Rd1 Bb2+ 0-1

[Event "8th Sunway Sitges 2021"]
[Site "Sitges ESP"]
[Date "2021.12.14"]
[Round "2.23"]
[White "Karthik, Venkataraman"]
[Black "Samant, Aditya S"]
[Result "1/2-1/2"]
[WhiteTitle "GM"]
[BlackTitle "FM"]
[WhiteElo "2506"]
[BlackElo "2318"]
[WhiteFideId "25006479"]
[BlackFideId "35080580"]
[EventDate "2021.12.13"]

1. e4 c5 2. Nf3 d6 3. d4 cxd4 4. Nxd4 Nf6 5. Nc3 Nc6 6. Bg5 e6 7. Bb5 Qb6 8. Be3
Qc7 9. Be2 a6 10. g4 h6 11. Rg1 b5 12. Nxc6 Qxc6 13. Qd4 e5 14. Qd3 Be6 15. Bf3
Rc8 16. a3 Nd7 17. a4 Nc5 18. Bxc5 dxc5 19. axb5 axb5 20. Qxb5 Qxb5 21. Nxb5 c4
22. Ra6 Bc5 23. Ke2 O-O 24. Nc3 Rb8 25. Na4 Be7 26. Rd1 Rfc8 27. Rb6 Rxb6 28.
Nxb6 Rb8 29. Nd5 Bc5 30. Nc7 Rxb2 31. Rd8+ Kh7 1/2-1/2

[Event "8th Sunway Sitges 2021"]
[Site "Sitges ESP"]
[Date "2021.12.14"]
[Round "2.24"]
[White "Kapitanchuk, Tomas"]
[Black "Sankalp, Gupta"]
[Result "0-1"]
[WhiteTitle "FM"]
[BlackTitle "IM"]
[WhiteElo "2323"]
[BlackElo "2504"]
[WhiteFideId "135046"]
[BlackFideId "5097010"]
[EventDate "2021.12.13"]

1. e4 c6 2. d4 d5 3. exd5 cxd5 4. Bd3 Nc6 5. c3 Nf6 6. Bf4 Bg4 7. Qb3 Qd7 8. Nd2
e6 9. Ngf3 Bd6 10. Bxd6 Qxd6 11. Qxb7 Rb8 12. Qa6 O-O 13. Bb5 Rb6 14. Qa4 Ne7
15. b3 Ng6 16. Qa5 Ne4 17. O-O Qf4 18. c4 Nxd2 19. Nxd2 Qxd4 20. Rae1 Nf4 21.
Re3 e5 22. g3 Nh3+ 23. Kg2 Nxf2 24. Qc3 Nd1 25. Rxd1 Bxd1 26. Qxd4 exd4 27. Re1
Bg4 28. a4 dxc4 29. Bxc4 Be6 30. a5 Rc6 31. Re4 Rd8 32. Kf2 Bxc4 33. Nxc4 d3 34.
Ke1 Re6 35. Rxe6 fxe6 36. Kd2 Rd5 37. a6 Kf8 38. b4 Rd4 0-1

[Event "8th Sunway Sitges 2021"]
[Site "Sitges ESP"]
[Date "2021.12.14"]
[Round "2.25"]
[White "Muradli, Mahammad"]
[Black "Wong, Jianwen"]
[Result "1-0"]
[WhiteTitle "IM"]
[BlackTitle "FM"]
[WhiteElo "2503"]
[BlackElo "2313"]
[WhiteFideId "13409301"]
[BlackFideId "5704715"]
[EventDate "2021.12.13"]

1. c4 Nf6 2. Nc3 e6 3. e4 c5 4. e5 Ng8 5. Nf3 Nc6 6. d4 cxd4 7. Nxd4 Qc7 8. f4
Nxd4 9. Qxd4 Bc5 10. Qd3 Ne7 11. a3 Nf5 12. g4 Nh6 13. Be2 Be7 14. Nb5 Qb8 15.
Be3 f5 16. exf6 gxf6 17. O-O-O Nf7 18. g5 f5 19. Bh5 a6 20. Nc3 Rf8 21. Qd4 Rg8
22. Na4 Qc7 23. Nb6 Rb8 24. Kb1 d6 25. Rhe1 Kf8 26. Bf2 Nd8 27. Qc3 Bd7 28. Nd5 1-0

[Event "8th Sunway Sitges 2021"]
[Site "Sitges ESP"]
[Date "2021.12.14"]
[Round "2.26"]
[White "Nandhidhaa, P V"]
[Black "Priasmoro, Novendra"]
[Result "0-1"]
[WhiteTitle "WGM"]
[BlackTitle "GM"]
[WhiteElo "2313"]
[BlackElo "2502"]
[WhiteFideId "5050847"]
[BlackFideId "7105029"]
[EventDate "2021.12.13"]

1. e4 g6 2. d4 Bg7 3. Nf3 d6 4. c3 Nf6 5. Bd3 O-O 6. O-O c5 7. h3 cxd4 8. cxd4
Nc6 9. Nc3 a6 10. a3 b5 11. Be3 e6 12. Rc1 Bb7 13. b4 Rc8 14. Qb3 Ne7 15. Nd2 d5
16. e5 Nd7 17. Nf3 Nf5 18. Bxf5 gxf5 19. Bg5 Qe8 20. Ne2 Rc4 21. Qe3 Kh8 22. Bh6
Rg8 23. Bxg7+ Rxg7 24. Nd2 Rxc1 25. Rxc1 Nb6 26. Rc7 Qb8 27. Rc5 Na4 28. Rc2 Nb6
29. Rc5 Qd8 30. Nf4 Na4 31. Rc1 Nb2 32. Rc5 Na4 33. Rc2 Nb6 34. Nb3 Nc4 35. Qc1
Qg5 36. Nc5 Bc8 37. Rc3 Qh4 38. Rf3 Rg8 39. Qc3 Qh6 40. Qd3 Nb2 41. Qc2 Nc4 42.
Qc3 Rd8 43. Qc1 Rg8 44. Rg3 Qh4 45. Rxg8+ Kxg8 46. g3 Qg5 47. Qa1 h5 48. h4 Qg4
49. a4 Nd2 50. axb5 axb5 51. Ncd3 Bb7 52. Kh2 Nf1+ 53. Kh1 Nd2 54. Qc1 Qf3+ 55.
Kg1 Nb3 56. Qc7 Qd1+ 57. Kh2 Nd2 58. Qd8+ Kg7 59. Qg5+ Kh7 60. Qxh5+ Qxh5 61.
Nxh5 Nf3+ 62. Kg2 Nxd4 63. Nf6+ Kh6 64. f3 Nc2 65. g4 fxg4 66. fxg4 d4+ 67. Kg3
Ne3 68. Nf4 Nc4 69. g5+ Kg7 70. Nd3 Ne3 71. h5 Nf5+ 72. Kf4 Bg2 73. Ne8+ Kg8 74.
Nd6 Ne3 75. Ne4 Nd5+ 76. Kg3 Bxe4 77. Nc5 Bf5 78. Na6 d3 79. Kf2 Bg4 0-1

[Event "8th Sunway Sitges 2021"]
[Site "Sitges ESP"]
[Date "2021.12.14"]
[Round "2.27"]
[White "Harsha, Bharathakoti"]
[Black "Ortega Serra, Marc"]
[Result "1-0"]
[WhiteTitle "GM"]
[WhiteElo "2489"]
[BlackElo "2292"]
[WhiteFideId "5078776"]
[BlackFideId "2293137"]
[EventDate "2021.12.13"]

1. e4 c5 2. Nf3 Nc6 3. Nc3 e6 4. d4 cxd4 5. Nxd4 Nf6 6. Ndb5 Bb4 7. a3 Bxc3+ 8.
Nxc3 d5 9. exd5 exd5 10. Bd3 O-O 11. O-O d4 12. Ne2 Bg4 13. Bg5 Qd6 14. Re1 Bh5
15. Qd2 Bg6 16. Ng3 Rfe8 17. Nf5 Bxf5 18. Bxf5 h6 19. Bh4 Nh5 20. Rad1 g5 21.
Bg3 Nxg3 22. hxg3 Qf6 23. Be4 Rad8 24. f4 gxf4 25. Qxf4 Qxf4 26. gxf4 Kf8 27.
Kf2 Re6 28. Bd3 Red6 29. Rh1 Ne7 30. Rh5 Nd5 31. Kf3 Kg7 32. Re1 Nf6 33. Rb5 b6
34. Rbe5 Kf8 35. Rh1 Kg7 36. g4 Rd5 37. Re7 R8d7 38. Re2 Rc7 39. Rh4 Rcd7 40.
Rg2 Re7 41. g5 hxg5 42. Rxg5+ Rxg5 43. fxg5 Nd7 44. Rxd4 Ne5+ 45. Kf4 Nxd3+ 46.
Rxd3 Re2 47. Rc3 Rf2+ 48. Kg4 Rd2 49. Rc6 Rd1 50. Rc7 Rd2 51. Kf4 Kg6 52. Rc6+
Kg7 53. b3 Rg2 54. a4 Rd2 55. Rc7 Rg2 56. c3 Rb2 57. b4 a5 58. b5 Ra2 59. Rc4
Rc2 60. Kf5 Ra2 61. Rc6 Rxa4 62. Rxb6 Ra1 63. Ke4 a4 64. Ra6 a3 65. Kd4 a2 66.
Kc4 Kh7 67. Ra5 Kg6 68. Kb3 Kxg5 69. Rxa2 Rh1 70. c4 f5 71. b6 Rh7 72. c5 f4 73.
c6 Rh6 74. b7 1-0

[Event "8th Sunway Sitges 2021"]
[Site "Sitges ESP"]
[Date "2021.12.14"]
[Round "2.28"]
[White "Mohamed, Anees M"]
[Black "Vasquez Schroeder, Rodrigo"]
[Result "0-1"]
[WhiteTitle "FM"]
[BlackTitle "GM"]
[WhiteElo "2312"]
[BlackElo "2484"]
[WhiteFideId "35065815"]
[BlackFideId "3400042"]
[EventDate "2021.12.13"]

1. e4 c6 2. d4 d5 3. e5 Bf5 4. Nf3 e6 5. Be2 Nd7 6. Nbd2 h6 7. Nf1 Ne7 8. Ne3
Bg6 9. O-O Nf5 10. c3 Be7 11. Bd3 Nxe3 12. Bxe3 Bxd3 13. Qxd3 O-O 14. Nd2 c5 15.
f4 cxd4 16. cxd4 f5 17. Rfc1 Rc8 18. Rc2 Nb8 19. Rac1 Qd7 20. a3 Rxc2 21. Qxc2
Nc6 22. Qd3 Rc8 23. Rc3 a6 24. Nb3 Na7 25. Qc2 Rxc3 26. Qxc3 Qb5 27. h3 Nc6 28.
Bf2 Qc4 29. Be1 Qe2 30. Qd2 Qe4 31. Bf2 Kf7 32. Kh2 Ke8 33. Qc1 Qe2 34. Be1 Kd7
35. Bc3 b6 36. Qd2 Qf1 37. Qc1 Qe2 38. Qe1 Qc2 39. Nc1 a5 40. Na2 Bxa3 41. bxa3
Qxa2 42. Qg3 Qxa3 43. Qxg7+ Ne7 44. Be1 Qe3 45. Bh4 Qxf4+ 46. g3 Qd2+ 47. Kh1
Qb4 48. Qf8 a4 49. Qb8 Qb1+ 50. Kh2 Qc2+ 51. Kh1 Nc8 52. Qb7+ Qc7 53. Qa6 Qc1+
54. Kh2 Qc2+ 55. Kh1 Kc7 56. Qb5 a3 0-1

[Event "8th Sunway Sitges 2021"]
[Site "Sitges ESP"]
[Date "2021.12.14"]
[Round "2.29"]
[White "Dann, Matthias"]
[Black "Alexiadis, Hristos"]
[Result "1/2-1/2"]
[WhiteTitle "IM"]
[BlackTitle "FM"]
[WhiteElo "2482"]
[BlackElo "2285"]
[WhiteFideId "24638056"]
[BlackFideId "4249623"]
[EventDate "2021.12.13"]

1. d4 Nf6 2. c4 e6 3. Nf3 b6 4. g3 Ba6 5. Qc2 Bb7 6. Bg2 c5 7. d5 exd5 8. cxd5
Nxd5 9. O-O Be7 10. Rd1 Nc6 11. a3 Nf6 12. Nc3 O-O 13. Bg5 Re8 14. e3 h6 15.
Bxf6 Bxf6 16. Nd5 Na5 17. Rab1 Bxd5 18. Rxd5 Qe7 19. Nd2 Rad8 20. Qa4 Be5 21. b4
cxb4 22. axb4 Nc6 23. Nc4 Bc7 24. b5 Na5 25. Rc1 Rc8 26. Bh3 Bd6 27. Rxd6 Rxc4
28. Rxc4 Qxd6 29. Rd4 Qf6 30. Rxd7 Re7 31. Rd8+ Kh7 32. Qc2+ g6 33. Ra8 h5 34.
Qc8 Nb3 35. Qd8 Qe5 36. Qg8+ Kh6 37. Qf8+ Kh7 38. Bf1 Nd2 1/2-1/2

[Event "8th Sunway Sitges 2021"]
[Site "Sitges ESP"]
[Date "2021.12.14"]
[Round "2.30"]
[White "Bharath, Subramaniyam H"]
[Black "Dalaud, Dorian"]
[Result "0-1"]
[WhiteTitle "IM"]
[BlackTitle "FM"]
[WhiteElo "2479"]
[BlackElo "2275"]
[WhiteFideId "46634827"]
[BlackFideId "36093270"]
[EventDate "2021.12.13"]

1. e4 c5 2. Nf3 Nc6 3. d4 cxd4 4. Nxd4 Nf6 5. Nc3 e5 6. Ndb5 d6 7. Bg5 a6 8. Na3
b5 9. Nd5 Be7 10. Bxf6 Bxf6 11. c3 Bg5 12. Nc2 Rb8 13. a4 bxa4 14. Ncb4 Nxb4 15.
Nxb4 Bd7 16. Bxa6 Qa5 17. Qxd6 Rb6 18. Qd3 Be6 19. O-O O-O 20. Bc4 Rd8 21. Bd5
Bxd5 22. Rfd1 h6 23. exd5 Be7 24. Qc2 Bxb4 25. Rxa4 Qc5 26. Qe4 Bxc3 27. Rc4 Qb5
28. bxc3 f5 29. Qe2 Rxd5 30. Re1 Rc5 31. Qd3 Rxc4 32. Ra1 e4 33. Qd8+ Kh7 34. h4
Rxc3 35. Ra8 Rc1+ 36. Kh2 Qe5+ 37. g3 Rbb1 38. Qg8+ Kg6 39. Ra6+ Kh5 40. Qf7+
Kg4 41. Qg6+ Kf3 42. Ra3+ Ke2 43. Ra2+ Rb2 44. Qa6+ Kf3 45. Ra1 Qxg3# 0-1

[Event "8th Sunway Sitges 2021"]
[Site "Sitges ESP"]
[Date "2021.12.14"]
[Round "2.31"]
[White "Van Dael, Siem"]
[Black "Garriga Cazorla, Pere"]
[Result "0-1"]
[WhiteTitle "FM"]
[BlackTitle "IM"]
[WhiteElo "2300"]
[BlackElo "2477"]
[WhiteFideId "1049771"]
[BlackFideId "32011601"]
[EventDate "2021.12.13"]

1. e4 e5 2. Nf3 Nc6 3. Bc4 Bc5 4. c3 Nf6 5. d4 exd4 6. cxd4 Bb4+ 7. Nc3 Nxe4 8.
O-O Bxc3 9. d5 Bf6 10. Re1 O-O 11. Rxe4 Ne7 12. d6 cxd6 13. Bd5 Qa5 14. Rxe7
Bxe7 15. Bg5 Qd8 16. Qd2 Rb8 17. Re1 Bf6 18. Bxf6 Qxf6 19. Ng5 b5 20. Ne4 Qh6
21. Qxh6 gxh6 22. Nxd6 Rb6 23. Nxf7 Rxf7 24. Re8+ Kg7 25. Rxc8 Rd6 26. Bb3 Rd2
27. g3 d5 0-1

[Event "8th Sunway Sitges 2021"]
[Site "Sitges ESP"]
[Date "2021.12.14"]
[Round "2.32"]
[White "Luque Saiz, Andres"]
[Black "Stefanova, Antoaneta"]
[Result "0-1"]
[WhiteTitle "FM"]
[BlackTitle "GM"]
[WhiteElo "2288"]
[BlackElo "2469"]
[WhiteFideId "24510793"]
[BlackFideId "2902257"]
[EventDate "2021.12.13"]

1. e4 e5 2. Nf3 Nc6 3. Bc4 Bc5 4. c3 Nf6 5. d3 d6 6. O-O a6 7. Bb3 Ba7 8. Nbd2
O-O 9. h3 Nh5 10. Nc4 Nf4 11. Ne3 Ne7 12. Nd5 Nexd5 13. exd5 g5 14. d4 Qf6 15.
Bc2 g4 16. hxg4 Bxg4 17. dxe5 dxe5 18. Bxf4 Qxf4 19. Re1 Rad8 20. Qd3 f5 21. Qd2
Qxd2 22. Nxd2 e4 23. Nf1 Kg7 24. c4 Bh5 25. Ng3 Bg6 26. Kf1 h5 27. Ne2 f4 28.
Nc3 f3 29. g3 e3 30. Bxg6 e2+ 31. Kg1 Kxg6 32. Rac1 h4 33. gxh4 Rf4 34. Nxe2
fxe2 35. Rxe2 Rg4+ 36. Kf1 Rxh4 37. Rc3 Bc5 38. Rg3+ Kh7 39. b3 Rf8 40. Kg2 Bd6
41. f4 Rfxf4 0-1

[Event "8th Sunway Sitges 2021"]
[Site "Sitges ESP"]
[Date "2021.12.14"]
[Round "2.33"]
[White "Kacharava, Nikolozi"]
[Black "Iglesias, Yosha"]
[Result "1/2-1/2"]
[WhiteTitle "IM"]
[BlackTitle "FM"]
[WhiteElo "2469"]
[BlackElo "2252"]
[WhiteFideId "13611860"]
[BlackFideId "637823"]
[EventDate "2021.12.13"]

1. e4 c5 2. Nf3 d6 3. d4 cxd4 4. Nxd4 Nf6 5. Nc3 g6 6. Be3 Bg7 7. f3 O-O 8. Qd2
Nc6 9. O-O-O d5 10. exd5 Nxd5 11. Nxc6 bxc6 12. Bd4 e5 13. Bc5 Re8 14. Ne4 Qc7
15. h4 f5 16. Nd6 Rd8 17. Nxc8 Raxc8 18. h5 Nb6 19. Qe3 e4 20. Rxd8+ Rxd8 21.
hxg6 hxg6 22. fxe4 Qe5 23. c3 f4 24. Qf2 Qxe4 25. Ba6 Nd5 26. Qf3 Qxf3 27. gxf3
Bf8 28. Bxf8 Rxf8 29. Bd3 Kg7 30. Be4 g5 31. Rh7+ Kf6 32. Rh6+ Ke7 33. Rg6 Nf6
34. Rxg5 Nxe4 35. Re5+ Kf6 36. Rxe4 Kg5 37. Kd2 Kh4 38. Ke2 Kg3 39. Re6 Rg8 40.
b4 Kg2 41. Re4 Kg3 42. Re7 Kg2 43. Rxa7 Re8+ 44. Kd3 Kxf3 45. a4 Re3+ 46. Kd4
Ke2 47. a5 f3 48. Rf7 f2 49. Rxf2+ Kxf2 50. a6 Kf3 51. c4 Ra3 52. b5 cxb5 53.
cxb5 Kf4 54. Kc5 Ke5 55. b6 Ra5+ 56. Kc6 Rxa6 57. Kc7 Kd5 58. b7 Rc6+ 59. Kd7
Rb6 60. Kc7 1/2-1/2

[Event "8th Sunway Sitges 2021"]
[Site "Sitges ESP"]
[Date "2021.12.14"]
[Round "2.34"]
[White "Ollenberger, Roland"]
[Black "Nestorovic, Nikola"]
[Result "1-0"]
[WhiteTitle "FM"]
[BlackTitle "GM"]
[WhiteElo "2255"]
[BlackElo "2467"]
[WhiteFideId "24608440"]
[BlackFideId "934526"]
[EventDate "2021.12.13"]

1. e4 d5 2. Nc3 d4 3. Nce2 e5 4. Nf3 Bd6 5. Ng3 Be6 6. Bb5+ Nd7 7. Nh5 Kf8 8.
O-O c6 9. Be2 g6 10. Ng3 h5 11. d3 h4 12. Nh1 f6 13. c3 c5 14. Ne1 Kg7 15. Bg4
Bf7 16. f4 exf4 17. Bxd7 Qxd7 18. Bxf4 Bxf4 19. Rxf4 Ne7 20. Qd2 dxc3 21. bxc3
Rad8 22. Qf2 Qd6 23. Rxh4 Qe5 24. Rc1 Rxh4 25. Qxh4 Nc6 26. Qf2 c4 27. d4 Qxe4
28. Ng3 Qg4 29. Nc2 Re8 30. Rf1 Qe6 31. Qf4 Ne7 32. Ne3 g5 33. Qf3 Bg6 34. Ng4
Nd5 35. h3 b6 36. Rf2 Nf4 37. Kh2 Re7 38. Qa8 Qd6 39. Rf3 Qd5 40. Qc8 a5 41. Qb8
Qc6 42. Rxf4 gxf4 43. Qxf4 Rd7 44. h4 Qd6 45. Qh6+ Kf7 46. Qh8 Rd8 47. Nh6+ Ke6
48. Qg7 Bh5 49. Kg1 Qd7 50. Nxh5 Qxg7 51. Nxg7+ Kd5 52. Kf2 b5 53. Ke3 b4 54.
cxb4 axb4 55. Ng4 Ra8 56. Nxf6+ Kc6 57. d5+ Kb5 58. d6 Ra3+ 59. Ke4 Rxa2 60. d7
Re2+ 61. Kf3 Rd2 62. Ke3 Rd3+ 63. Ke4 Rd6 64. Nf5 1-0